000 00564nam a2200181 i 4500
001 61360
003 ES-MaACL
005 20250826111423.0
007 t|
008 031111s1951 sp ||||1| spa d
245 0 0 _aEutanasia /
_cL. Portes...[et al.] ; [traducido del original francés por Antonio Sancho].
260 _aMadrid :
_bStudium de Cultura,
_c[1951] (
_fHalar)
300 _a87 p. ;
_c19 cm.
700 1 _aPortes, L.
_993238
700 1 _aSancho Nebot, Antonio,
_d1884-1961
_9103048
852 _aES-MaACL
_jD-6119
_bR.31182
999 _c61360
_d61360